Brickwork

Bibliographic Details
Main Author: McKay, W. B.
Format: Book
Published: New York : Longman , 1945
Edition:3rd.ed.
Subjects:

MARC

LEADER 00000cam a2200000 7i4500
001 0000008934
005 20150819.0
020 |a 0582425190 
040 |a INS 
090 0 0 |a TH1301   |b M35 1945 
100 1 |a McKay, W. B. 
245 1 0 |a Brickwork   |c by W. B. McKay 
250 |a 3rd.ed. 
260 |a New York :   |b Longman ,   |c 1945 
300 |a 196p. :   |b ill. ;   |c 22cm. 
500 |a Includes index 
650 0 |a Building, Brick 
650 0 0 |a Bricklaying 
999 |a 0000022537   |b BOOK   |c Open Shelf   |e Default branch